| 000 | 00540nam a22001817a 4500 | ||
|---|---|---|---|
| 005 | 20240405164308.0 | ||
| 010 | _aENG-1140002 | ||
| 020 |
_a9788194998556 _c300.00 |
||
| 035 | _aEN-123534 | ||
| 037 | _bDBAD/PUB | ||
| 082 |
_a880.08 _21 |
||
| 245 |
_aLockdown Litrature Form Mizoram/ _cedited by Margaret L. Pachuau |
||
| 260 |
_aKolkata _bWriters Workshop _c2020 |
||
| 270 |
_aC-532,Lake Garden _bKolkata _e700045 |
||
| 300 |
_a97p; _c22(pb) |
||
| 700 |
_aPachuau,Margaret L. _964330 |
||
| 942 |
_cEN _h881 _2ddc _mLOC |
||
| 999 |
_c201866 _d201866 |
||